000 00883nas a2200277 4500
001 BR0002124
003 BR-BrBNA
005 20231205101827.0
007 ta
008 230509b bl.|||p| |||| 00| 00por d
040 _aBR-BrBNA
_bpor
_cBiblioteca Nacional de Agricultura
041 _a(Pt)
072 _aF02; F61
100 1 _aResende, F.V.
100 1 _aOliveira, P.S.R. de
100 1 _aSouza, R.J. de
245 1 _aCrescimento, producao e absorcao de nitrogenio do alho proveniente de cultura de tecidos, cultivado com doses elevadas de nitrogenio
650 _aAlho
650 _aCultura de Tecido
650 _aAbsorcao de Nutrientes
650 _aCrescimento
650 _aSao Paulo
773 0 _tHorticultura Brasileira (Brazil)
_xISSN 0102-0536
_g(Mar 2000), v. 18(1) p. 31-36
_wBR0002124
909 _a202311
_bLúcia
_c55
_dLúcia Elande
942 _2AGRIS
_n0
_cANA
999 _c164182
_d164182